000 00420nam a2200121Ia 4500
003 GCL
008 140319s9999 xx 000 0 ara d
040 _aGCL /
_cGCL
082 0 4 _a212.7
_bم ض
245 1 0 _aضمانات الحرية فى النظام الاسلامى وتطبيقاتها .
260 _a[S.N] :
_bمجمع البحوث الاسلامية ،
_c1983
490 _aسلسلة البحوث الاسلامية
_v0
999 _c35569
_d35569